| 000 | 00353nam a2200121Ia 4500 | ||
|---|---|---|---|
| 008 | 200626s9999 xx 000 0 und d | ||
| 020 | _a0-86612-081-5 | ||
| 100 | _aGee, Chuck Y. | ||
| 245 |
_cChuch Y. Gee.-- _aInternational hotel management/ |
||
| 260 |
_aMichigan: _bEducational Institute _c1994 |
||
| 300 | _axxii, 514 pages | ||
| 500 | _aIncludes Index | ||
| 999 |
_c363831 _d363831 |
||